| 000 | 00805cam a22002174a 4500 | ||
|---|---|---|---|
| 001 | 14383425 | ||
| 005 | 20251122140613.0 | ||
| 008 | 060519s2006 enkab b 001 0 eng | ||
| 020 |
_a9781902916422 _qhardback |
||
| 020 |
_a1902916425 _qhardback |
||
| 050 | 0 | 0 |
_aTH6021 _b.E66 2006 |
| 082 | 0 | 0 |
_a720/.47 _222 |
| 245 | 0 | 0 |
_aEnvironmental design of urban buildings : _ban integrated approach / _cedited by Mat Santamouris. |
| 260 |
_aLondon ; _aSterling, VA : _bEarthscan, _c2006. |
||
| 300 |
_axviii, 322 p. : _bill., maps, ; _c26 cm. + _e1 CD-ROM (4 3/4 in.) |
||
| 650 | 0 |
_aBuildings _xEnvironmental engineering. |
|
| 650 | 0 | _aCity planning. | |
| 700 | 1 |
_aSantamouris, M. _q(Matheos), _d1956- |
|
| 856 | 4 | 1 |
_3Table of contents only _uhttp://www.loc.gov/catdir/toc/ecip0614/2006016809.html |
| 942 |
_2lcc _cBK _n0 |
||
| 999 |
_c8330 _d8330 |
||